000
00283nam a2200121Ia 4500
008
230303s9999 xx 000 0 und d
041
_a
eng
082
_a
621.38 TAU
100
_a
TAUB (Herbert)
245
_a
Principles of Communication Systems
260
_a
N.Delhi
365
_c
RS
999
_c
181250
_d
181250